00447nam a2200157Ia 4500008004100000020001100041040001900052041001200071082002300083245008300106260002400189300001800213650002000231700002200251850001600273131103s9999 xx 000 0 und d cRs. 95 aLoreto College aEnglish aF/HAMbLCBED/11509 aGreat stories by Nobel prize winnerscedited by Leo Hamalian & Edmond L. Volpe aKolkatabRupac1993 a367p c 18 cm aEnglish Fiction aHamalian,Leo. ed. aLCLIB/F/HAM